000 01050nas a2200325 4500
001 BR8402505
003 BR-BrBNA
005 20231205085917.0
007 ta
008 230509b bl.|||p| |||| 00| 00por d
040 _aBR-BrBNA
_bpor
_cBiblioteca Nacional de Agricultura
041 _a(Pt)
072 _aL30; L36
100 1 _aTafuri, M.L.
100 1 _aFonseca, J.B.
100 1 _aSilva, M. de A. e
100 1 _aRostagno, H.S.
100 1 _aCosta, P.M. de A.
245 1 _aNiveis de proteina, metionina e lisina em racoes iniciais de frangos de corte, 1: Efeitos sobre o desempenho
246 1 _a[Levels of protein, methionine and lysine in starter rations for broiler chicks. I - Effects en performance]
650 _aFRANGO DE CORTE
650 _aRACAO
650 _aPROTEINA
650 _aMETIONINA
650 _aLISINA
650 _aPERFORMANCE
773 0 _tRevista Ceres (Brazil)
_xISSN 0034-737X
_g(Mar-Apr 1984), v. 31(174) p. 94-104
_wBR8402505
909 _a202311
_bLúcia
_c55
_dLúcia Elande
942 _2AGRIS
_n0
_cANA
999 _c114714
_d114714